[Event "4NCL/Div1/WG1-IKHH"]
[Site "Rd8-Birmingham"]
[Date "2000.03.26"]
[Round "8.8"]
[White "Richards, Heather"]
[Black "Sowray, Peter"]
[Result "0-1"]
[WhiteElo "2102"]
[BlackElo "2358"]
[PlyCount "72"]
[EventDate "2000.03.26"]
[SourceDate "2000.01.01"]

1. e4 c5 2. c3 Nf6 3. e5 Nd5 4. Nf3 d6 5. Bc4 e6 6. d4 cxd4 7. cxd4 Nc6 8. O-O
Nb6 9. Bb5 Bd7 10. Nc3 Qc7 11. Qe2 a6 12. Bd3 dxe5 13. dxe5 Nb4 14. Bb1 N6d5
15. Nxd5 Nxd5 16. Re1 Bc5 17. a3 Rc8 18. Bd3 h6 19. Bd2 Bc6 20. Rac1 Ba7 21. b4
Qd7 22. Nh4 Rd8 23. Qg4 Ne7 24. Be3 Bxe3 25. Rxe3 g5 26. Nf3 Nd5 27. Ree1 Nxb4
28. Qxb4 Qxd3 29. Red1 Qxd1+ 30. Rxd1 Rxd1+ 31. Ne1 Kd7 32. f3 Rd8 33. Kf2 Ke8
34. Kg3 R8d2 35. Qc3 Re2 36. Nc2 Rc1 0-1

[Event "4NCL/Div1/WG2-GUI"]
[Site "Rd8-Birmingham"]
[Date "2000.03.26"]
[Round "8.1"]
[White "Pein, Malcolm"]
[Black "Rowson, Jonathan"]
[Result "0-1"]
[WhiteElo "2436"]
[BlackElo "2499"]
[PlyCount "56"]
[EventDate "2000.03.26"]
[SourceDate "2000.01.01"]

1. Nf3 Nf6 2. c4 g6 3. Nc3 d5 4. d4 Bg7 5. cxd5 Nxd5 6. e4 Nxc3 7. bxc3 c5 8.
Be2 Nc6 9. d5 Bxc3+ 10. Bd2 Bxa1 11. Qxa1 Nd4 12. Nxd4 cxd4 13. Qxd4 O-O 14.
O-O Qb6 15. Qa1 Bd7 16. Rb1 Qc7 17. Bh6 f6 18. Bxf8 Kxf8 19. Qd4 b5 20. Qe3 Rc8
21. f4 Qc2 22. Rd1 Rc3 23. Qd2 b4 24. e5 Qxd2 25. Rxd2 a5 26. e6 Ba4 27. g4 Rc2
28. Rxc2 Bxc2 0-1

[Event "4NCL/Div1/WG2-GUI"]
[Site "Rd8-Birmingham"]
[Date "2000.03.26"]
[Round "8.2"]
[White "Conquest, Stuart"]
[Black "Norris, Alan"]
[Result "1-0"]
[WhiteElo "2563"]
[BlackElo "2301"]
[PlyCount "63"]
[EventDate "2000.03.26"]
[SourceDate "2000.01.01"]

1. d4 e6 2. g3 f5 3. Bg2 Nf6 4. c4 Bb4+ 5. Nd2 O-O 6. Ngf3 d6 7. O-O c5 8. Nb3
cxd4 9. Nfxd4 e5 10. a3 Bc5 11. Nb5 Nc6 12. Nxc5 dxc5 13. b4 Be6 14. Nd6 Qc7
15. bxc5 Rad8 16. Qa4 e4 17. Rd1 Nd7 18. Be3 Nde5 {(=)} 19. Rab1 Bc8 20. Bg5
Rd7 21. Rd5 h6 22. Bf4 Re7 23. h4 Ng6 24. Nb5 Nxf4 25. Nxc7 Nxe2+ 26. Kh2 Nc3
27. Qb3 Nxb1 28. Nb5 Be6 29. Rd1 Na5 30. Qxb1 Nxc4 31. Nd4 Bd5 32. Qb4 {time}
1-0

[Event "4NCL/Div1/WG2-GUI"]
[Site "Rd8-Birmingham"]
[Date "2000.03.26"]
[Round "8.3"]
[White "Pert, Richard"]
[Black "Gormally, Danny"]
[Result "0-1"]
[WhiteElo "2298"]
[BlackElo "2504"]
[PlyCount "70"]
[EventDate "2000.03.26"]
[SourceDate "2000.01.01"]

1. e4 d6 2. d4 Nf6 3. Nc3 c6 4. Nf3 Bg4 5. h3 Bh5 6. Qe2 e6 7. g4 Bg6 8. g5
Nfd7 9. Nh4 d5 10. exd5 cxd5 11. Nxg6 hxg6 12. Nxd5 Nc6 13. c3 Qa5 14. Nf4 Nxd4
15. Qe4 Nc6 16. Be3 Rh4 17. Be2 O-O-O 18. Bg4 Nde5 19. Ng2 Rh8 20. Be2 Nd7 21.
Qc4 Nde5 22. Qe4 Ba3 23. b4 Qd5 24. Qxd5 exd5 25. Rb1 d4 26. Rb3 dxe3 27. Rxa3
exf2+ 28. Kxf2 Rd2 29. b5 Re8 30. bxc6 Nc4 31. cxb7+ Kb8 32. Ra4 Rexe2+ 33. Kf1
Rf2+ 34. Ke1 Rde2+ 35. Kd1 Nb2+ 0-1

[Event "4NCL/Div1/WG2-GUI"]
[Site "Rd8-Birmingham"]
[Date "2000.03.26"]
[Round "8.4"]
[White "Plaskett, James"]
[Black "Law, Andrew"]
[Result "1/2-1/2"]
[WhiteElo "2515"]
[BlackElo "2304"]
[PlyCount "28"]
[EventDate "2000.03.26"]
[SourceDate "2000.01.01"]

1. e4 e5 2. Nf3 Nc6 3. Bb5 a6 4. Ba4 Nf6 5. O-O Nxe4 6. d4 b5 7. Bb3 d5 8. dxe5
Be6 9. c3 Bc5 10. Nbd2 O-O 11. Bc2 Nxf2 12. Rxf2 f6 13. exf6 Bxf2+ 14. Kxf2
Qxf6 1/2-1/2

[Event "4NCL/Div1/WG2-GUI"]
[Site "Rd8-Birmingham"]
[Date "2000.03.26"]
[Round "8.5"]
[White "Tan, Desmond"]
[Black "Webb, Richard"]
[Result "0-1"]
[WhiteElo "2179"]
[BlackElo "2351"]
[PlyCount "62"]
[EventDate "2000.03.26"]
[SourceDate "2000.01.01"]

1. e4 c5 2. Nc3 Nc6 3. Bb5 Nd4 4. Bc4 g6 5. Nge2 Bg7 6. d3 e6 7. Nxd4 cxd4 8.
Ne2 Ne7 9. Bb3 d5 10. O-O O-O 11. f4 dxe4 12. dxe4 Qb6 13. Kh1 Bd7 14. a4 Bc6
15. Ng3 Kh8 16. f5 exf5 17. exf5 Nxf5 18. Nxf5 gxf5 19. Rxf5 Be4 20. Rg5 Rad8
21. Bd2 f5 22. Qe1 Qf6 23. Bf4 d3 24. cxd3 Rxd3 25. Qb4 h6 26. Rxg7 Kxg7 27.
Qb5 a6 28. Qc5 Re8 29. Qc7+ Re7 30. Qc4 Rd8 31. Bd2 Bxg2+ 0-1

[Event "4NCL/Div1/WG2-GUI"]
[Site "Rd8-Birmingham"]
[Date "2000.03.26"]
[Round "8.7"]
[White "Henderson, John"]
[Black "Kinsman, Andrew"]
[Result "0-1"]
[WhiteElo "2174"]
[BlackElo "2399"]
[PlyCount "62"]
[EventDate "2000.03.26"]
[SourceDate "2000.01.01"]

1. d4 Nf6 2. Nf3 c5 3. d5 e6 4. c4 exd5 5. cxd5 d6 6. Nc3 g6 7. e4 Bg7 8. h3
O-O 9. Bf4 Re8 10. Bd3 Nxe4 11. Nxe4 f5 12. Nfg5 fxe4 13. Nxe4 Bf5 14. f3 c4
15. Bc2 Qa5+ 16. Kf1 Bxe4 17. Bxe4 Bxb2 18. Rb1 c3 19. Qc2 Nd7 20. Bxg6 Re7 21.
Be4 Nf6 22. Bg5 Nxe4 23. Bxe7 Nd2+ 24. Kg1 Qxd5 25. Re1 Qd4+ 26. Kh2 Qf4+ 27.
g3 Nxf3+ 28. Kg2 Nxe1+ 29. Rxe1 Qd2+ 30. Qxd2 cxd2 31. Rd1 Bc3 0-1

[Event "4NCL/Div1/WG2-GUI"]
[Site "Rd8-Birmingham"]
[Date "2000.03.26"]
[Round "8.8"]
[White "Yurenok, Maria"]
[Black "Lazhevskaya, Zhanna"]
[Result "1/2-1/2"]
[WhiteElo "1912"]
[BlackElo "2151"]
[PlyCount "83"]
[EventDate "2000.03.26"]
[SourceDate "2000.01.01"]

1. d4 d5 2. c4 dxc4 3. e4 e5 4. Nf3 exd4 5. Bxc4 Nc6 6. O-O Be6 7. Bxe6 fxe6 8.
Qb3 Qd7 9. Qxb7 Rb8 10. Qa6 Nf6 11. Nbd2 Bb4 12. a3 Bc5 13. b4 Bb6 14. Bb2 O-O
15. Rac1 Qd6 16. Qb5 Ne7 17. e5 Qd5 18. Qxd5 Nfxd5 19. Bxd4 Rf5 20. Bxb6 axb6
21. Nb3 Ra8 22. Nbd4 Rf7 23. Ng5 Rf4 24. Ngxe6 Re4 25. Rfe1 Rxe1+ 26. Rxe1 Rxa3
27. b5 Rd3 28. g3 h6 29. f4 g6 30. Kf2 Nc3 31. Ra1 Ned5 32. Ra8+ Kf7 33. Nd8+
Kg7 34. N8e6+ Kf7 35. Nd8+ Kg7 36. N8c6 Rd2+ 37. Ke1 Rd1+ 38. Kf2 Rd2+ 39. Ke1
Rd1+ 40. Kf2 Rd2+ 41. Kf3 Rd3+ 42. Kf2 1/2-1/2

[Event "4NCL/Div1/SL-WG2"]
[Site "Rd9-Birmingham"]
[Date "2000.04.29"]
[Round "9.1"]
[White "Spraggett, Kevin"]
[Black "Pein, Malcolm"]
[Result "1-0"]
[WhiteElo "2529"]
[BlackElo "2436"]
[PlyCount "75"]
[EventDate "2000.04.29"]

1. c4 e5 2. g3 Nf6 3. Bg2 Nc6 4. Nc3 Bb4 5. Nd5 O-O 6. a3 Bc5 7. e3 a5 8. Ne2
Re8 9. Nxf6+ Qxf6 10. Nc3 Qd8 11. b3 d6 12. Bb2 Bf5 13. d3 Qd7 14. h3 Be6 15.
g4 Ba7 16. Qc2 Rab8 17. O-O-O Ne7 18. d4 exd4 19. Nb5 c6 20. Nxa7 b5 21. c5
Qxa7 22. Bxd4 a4 23. b4 dxc5 24. Bxc5 Qb7 25. Qc3 Nd5 26. Qd4 f6 27. Rd2 Qf7
28. Kb2 Ne7 29. f4 Ba2 30. Ka1 Bc4 31. e4 Ng6 32. e5 fxe5 33. fxe5 Nxe5 34. Rf2
Qg6 35. Be4 Qe6 36. Rd1 Nxg4 37. hxg4 h5 38. Bf5 1-0

[Event "4NCL/Div1/SL-WG2"]
[Site "Rd9-Birmingham"]
[Date "2000.04.29"]
[Round "9.2"]
[White "Tiller, Bjorn"]
[Black "Ftacnik, Lubomir"]
[Result "1/2-1/2"]
[WhiteElo "2382"]
[BlackElo "2579"]
[PlyCount "110"]
[EventDate "2000.04.29"]

1. e4 c5 2. d3 Nc6 3. f4 g6 4. Nf3 Bg7 5. g3 d6 6. Bg2 e5 7. Nc3 Nge7 8. O-O
O-O 9. f5 gxf5 10. Nh4 fxe4 11. dxe4 Nd4 12. Nd5 Nxd5 13. exd5 Bf6 14. Bh6 Re8
15. Be4 Bxh4 16. Qh5 f5 17. gxh4 Kh8 18. Bg5 Rg8 19. Kh1 Qf8 20. c3 Nb5 21. Bh6
Qf6 22. Bxf5 Bxf5 23. Rxf5 Qg6 24. Qxg6 Rxg6 25. Bf8 h5 26. Raf1 Kg8 27. a4 Nc7
28. c4 Re8 29. Bxd6 Nxd5 30. Bxc5 b6 31. Bg1 Nf4 32. Be3 Rg4 33. Rg1 Rd8 34.
Rxg4+ hxg4 35. Rg5+ Kh7 36. Rxg4 Rd1+ 37. Rg1 Rd3 38. Re1 Rb3 39. Bxf4 exf4 40.
Re4 f3 41. Rf4 Rxb2 42. Rxf3 Rb4 43. Rf7+ Kg6 44. Rxa7 Rxc4 45. Ra6 Kh5 46. Kg2
Kxh4 47. Kf3 Rb4 48. Ke3 Kh3 49. Kd3 Kxh2 50. Kc3 Rb1 51. Ra8 Kg3 52. Rb8 Kf4
53. a5 Ke5 54. a6 Ra1 55. Rxb6 Kd5 1/2-1/2

[Event "4NCL/Div1/SL-WG2"]
[Site "Rd9-Birmingham"]
[Date "2000.04.29"]
[Round "9.4"]
[White "Pert, Richard"]
[Black "Turner, Matthew"]
[Result "0-1"]
[WhiteElo "2298"]
[BlackElo "2487"]
[PlyCount "76"]
[EventDate "2000.04.29"]

1. d4 d5 2. c4 dxc4 3. e3 Nf6 4. Nf3 e6 5. Bxc4 c5 6. Qe2 a6 7. dxc5 Bxc5 8.
O-O b5 9. Bd3 Nc6 10. Nbd2 Qc7 11. b3 Nb4 12. Bb1 Bb7 13. Bb2 Be7 14. e4 Rd8
15. a3 Nc6 16. e5 Nd5 17. Ne4 h6 18. Ng3 Na5 19. Rc1 Qb8 20. Nd4 Nf4 21. Qd2
Nxb3 22. Qxf4 Bg5 23. Qg4 Nxc1 24. f4 h5 25. Qxg5 Qa7 26. Ngf5 exf5 27. Qxg7
Rf8 28. e6 Ne2+ 29. Kf1 Nxd4 30. e7 Kxe7 31. Bxf5 Bxg2+ 32. Qxg2 Ne6 33. Re1
Qc5 34. Bxe6 fxe6 35. Qg7+ Kd6 36. Rd1+ Kc6 37. Rc1 Rxf4+ 38. Kg2 Rc4 0-1

[Event "4NCL/Div1/SL-WG2"]
[Site "Rd9-Birmingham"]
[Date "2000.04.29"]
[Round "9.6"]
[White "Yastrebov, Alexander"]
[Black "McNab, Colin"]
[Result "0-1"]
[WhiteElo "2178"]
[BlackElo "2424"]
[PlyCount "106"]
[EventDate "2000.04.29"]

1. e4 g6 2. d4 d6 3. c3 Nf6 4. Bd3 Bg7 5. f4 e5 6. Nf3 exf4 7. Bxf4 O-O 8. O-O
c5 9. Nbd2 cxd4 10. Nxd4 Nc6 11. Bg5 h6 12. Bh4 Nxd4 13. cxd4 g5 14. Bf2 Ng4
15. Nb3 a5 16. a4 Be6 17. Bc2 Bxb3 18. Bxb3 Qb6 19. Qxg4 Qxb3 20. h4 Qe6 21.
Qg3 gxh4 22. Qxh4 f5 23. exf5 Rxf5 24. Rae1 Qd5 25. Re4 Raf8 26. Rg4 Kh7 27.
Qg3 Qf7 28. Qh4 Bf6 29. Qg3 Bg5 30. Re4 Qg6 31. Re2 R8f7 32. Rfe1 Qh5 33. Qh3
Qxh3 34. gxh3 Rd5 35. Re6 Rxf2 36. Kxf2 Bh4+ 37. Kf1 Bxe1 38. Kxe1 Rxd4 39.
Re7+ Kg6 40. Rxb7 Rxa4 41. Rb6 Rd4 42. Ke2 Kf6 43. Ke3 Rd5 44. Ke4 Ke6 45. Kf4
Rd4+ 46. Kf3 Rb4 47. Ra6 a4 48. Ra5 d5 49. Ra6+ Ke5 50. Rxh6 Rb3+ 51. Ke2 Rxb2+
52. Kd3 a3 53. Ra6 Rb3+ 0-1

[Event "4NCL/Div1/SL-WG2"]
[Site "Rd9-Birmingham"]
[Date "2000.04.29"]
[Round "9.7"]
[White "Lawton, Geoff"]
[Black "Tan, Desmond"]
[Result "1/2-1/2"]
[WhiteElo "2383"]
[BlackElo "2179"]
[PlyCount "58"]
[EventDate "2000.04.29"]

1. d4 Nf6 2. Nf3 e6 3. c3 b6 4. Bg5 Bb7 5. Nbd2 Be7 6. e3 c5 7. Bd3 cxd4 8.
cxd4 h6 9. Bxf6 Bxf6 10. Qe2 a6 11. O-O O-O 12. e4 d6 13. e5 Be7 14. Ne4 Nc6
15. a3 dxe5 16. dxe5 Nd4 17. Nxd4 Qxd4 18. Nc3 b5 19. Rad1 Qc5 20. Kh1 Rad8 21.
f4 Qb6 22. f5 exf5 23. Bxf5 Kh8 24. Rxd8 Rxd8 25. Bb1 b4 26. axb4 Bxb4 27. Qc2
g6 28. Qc1 Bxc3 29. Qxc3 Qd4 1/2-1/2

[Event "4NCL/Div1/SL-WG2"]
[Site "Rd9-Birmingham"]
[Date "2000.04.29"]
[Round "9.8"]
[White "Lazhevskaya, Zhanna"]
[Black "Lalic, Susan"]
[Result "1-0"]
[WhiteElo "2151"]
[BlackElo "2318"]
[PlyCount "173"]
[EventDate "2000.04.29"]

1. e4 c6 2. d4 d5 3. e5 c5 4. dxc5 Nc6 5. Bb5 e6 6. Be3 Nge7 7. f4 Nf5 8. Bf2
Qa5+ 9. Nc3 Qb4 10. g4 Nh6 11. Be3 Qxb2 12. Bd4 Qa3 13. Rb1 Be7 14. Ba4 Bh4+
15. Kf1 O-O 16. Rb3 Qxb3 17. cxb3 Nxd4 18. Qxd4 Nxg4 19. Nf3 Bf2 20. Qd3 Bxc5
21. Nd1 f6 22. Ke2 a6 23. b4 Bxb4 24. Bc2 g6 25. Rg1 Bd7 26. a4 fxe5 27. fxe5
Rf4 28. Ne3 Nxe3 29. Rxg6+ hxg6 30. Qxg6+ Kf8 31. Qh6+ Ke7 32. Qg5+ Ke8 33.
Bg6+ Rf7 34. Qf6 Ng4 35. Qxf7+ Kd8 36. Qg8+ Kc7 37. Qxa8 Bxa4 38. Nd4 Nxe5 39.
Nxe6+ Kd6 40. Qf8+ Kxe6 41. Qxb4 Bb5+ 42. Kd1 Nxg6 43. Qg4+ Kf6 44. Qf3+ Ke5
45. Qh5+ Kf6 46. Qxd5 Bc6 47. Qd6+ Kf5 48. Qc5+ Ne5 49. h4 Be4 50. h5 Bf3+ 51.
Kd2 Bxh5 52. Qc8+ Kf4 53. Qxb7 a5 54. Kc3 Bf3 55. Qb5 Be4 56. Qxa5 Nf3 57. Qc7+
Kg4 58. Qg7+ Kf4 59. Qh6+ Kf5 60. Qe3 Ke5 61. Kc4 Kf5 62. Kb4 Ng5 63. Kc5 Bf3
64. Kd6 Nf7+ 65. Kd7 Ne5+ 66. Ke7 Be4 67. Qh6 Nf3 68. Qf6+ Kg4 69. Ke6 Kg3 70.
Qh6 Kf2 71. Qf4 Bd3 72. Kd5 Ke2 73. Kc5 Kf2 74. Kb4 Be2 75. Kc5 Bd3 76. Kd5 Ke2
77. Qc1 Kf2 78. Qd1 Ke3 79. Qc1+ Kf2 80. Qc5+ Ke2 81. Qb6 Bf5 82. Kc4 Be4 83.
Kc3 Kf1 84. Qe3 Bc6 85. Kd3 Kg2 86. Qe6 Bb5+ 87. Ke3 1-0

[Event "4NCL/Div1/BARB-WG1"]
[Site "Rd9-Birmingham"]
[Date "2000.04.29"]
[Round "9.2"]
[White "Baburin, Alexander"]
[Black "Crouch, Colin"]
[Result "0-1"]
[WhiteElo "2591"]
[BlackElo "2424"]
[PlyCount "46"]
[EventDate "2000.04.29"]

1. d4 Nf6 2. c4 e6 3. Nc3 Bb4 4. Qc2 O-O 5. a3 Bxc3+ 6. Qxc3 b6 7. Bg5 Bb7 8.
e3 d6 9. f3 Nbd7 10. Bd3 Rc8 11. Qb3 c5 12. Ne2 d5 13. cxd5 Bxd5 14. Qa4 Bc6
15. Qd1 e5 16. O-O h6 17. Bh4 exd4 18. exd4 Qe7 19. Re1 Rfe8 20. Nc3 Qd6 21.
dxc5 Qd4+ 22. Bf2 Rxe1+ 23. Qxe1 Qxd3 0-1

[Event "4NCL/Div1/BARB-WG1"]
[Site "Rd9-Birmingham"]
[Date "2000.04.29"]
[Round "9.3"]
[White "Knott, Simon"]
[Black "Emms, John"]
[Result "1/2-1/2"]
[WhiteElo "2351"]
[BlackElo "2546"]
[PlyCount "99"]
[EventDate "2000.04.29"]

1. c4 c5 2. g3 g6 3. Bg2 Bg7 4. Nc3 Nc6 5. e3 Nh6 6. Nge2 Nf5 7. O-O O-O 8. b3
d6 9. Bb2 Rb8 10. d3 a6 11. Qd2 Bd7 12. Ne4 Bxb2 13. Qxb2 b5 14. Rfd1 bxc4 15.
dxc4 Ne5 16. Nxc5 {(=)} Nxc4 17. Qc1 Ne5 18. Nxd7 Nxd7 19. Nd4 Nxd4 20. Rxd4 a5
21. Qd2 Nc5 22. Rd1 Qc7 23. Rh4 Rfd8 24. e4 Nd7 25. e5 dxe5 26. Rc1 Qb6 27. Rc6
{(=)} Qb5 28. Qc1 Nf6 29. Bf1 Qd5 30. Ra4 Rb4 31. Rc5 Qf3 32. Rc3 Qa8 33. Bg2
e4 34. Rc4 Rxa4 35. Rxa4 Rd6 36. h3 Qd8 37. Qc3 Rd5 38. Bxe4 Rd1+ 39. Kg2 Nxe4
40. Rxe4 Qd5 41. Qe5 {(=)} e6 42. Qb8+ Kg7 43. Qe5+ {(=)} Qxe5 44. Rxe5 a4 45.
bxa4 Rd4 46. a5 Ra4 47. h4 Rxa2 48. Rb5 f5 49. Rb7+ Kh6 50. Re7 1/2-1/2

[Event "4NCL/Div1/BARB-WG1"]
[Site "Rd9-Birmingham"]
[Date "2000.04.29"]
[Round "9.4"]
[White "Ward, Chris"]
[Black "Palliser, Richard"]
[Result "1-0"]
[WhiteElo "2509"]
[BlackElo "2322"]
[PlyCount "80"]
[EventDate "2000.04.29"]

1. d4 Nf6 2. c4 g6 3. Nc3 Bg7 4. e4 d6 5. f3 O-O 6. Be3 Nbd7 7. Nh3 e5 8. d5
Nh5 9. g4 Nf4 10. Nxf4 exf4 11. Bxf4 f5 12. gxf5 Ne5 13. Rg1 gxf5 14. Bxe5 dxe5
15. Qd2 fxe4 16. Nxe4 Qh4+ 17. Qf2 Qf4 18. Qg3 Qxg3+ 19. Rxg3 Kh8 20. Bh3 Bh6
21. Bxc8 Raxc8 22. Kf2 b6 23. Rag1 Rcd8 24. Rh3 Bf4 25. Ng5 Rd7 26. Ne6 Re8 27.
Re1 Rg8 28. Rh4 Bg5 29. Rh5 Bf6 30. Rh6 Bg7 31. Nxg7 Rdxg7 32. Rxe5 Rg2+ 33.
Ke3 Rxb2 34. Re7 Rg7 35. Re8+ Rg8 36. Re7 Rg7 37. Rxg7 Kxg7 38. Rc6 Rxa2 39.
Rxc7+ Kg6 40. d6 Kf6 1-0

[Event "4NCL/Div1/BARB-WG1"]
[Site "Rd9-Birmingham"]
[Date "2000.04.29"]
[Round "9.5"]
[White "Pert, Nick"]
[Black "Levitt, Jon"]
[Result "1-0"]
[WhiteElo "2396"]
[BlackElo "2438"]
[PlyCount "109"]
[EventDate "2000.04.29"]

1. d4 Nf6 2. Nf3 e6 3. c4 b6 4. g3 Bb7 5. Bg2 Be7 6. O-O O-O 7. d5 exd5 8. Nh4
c6 9. cxd5 Nxd5 10. Nf5 Nc7 11. e4 d5 12. Re1 Bf6 13. Nc3 Nba6 14. Bf4 Nc5 15.
Bd6 Nxe4 16. Nxe4 dxe4 17. Bxf8 Qxf8 18. Qd6 Ne6 19. Rab1 c5 20. Qxf8+ Rxf8 21.
Nd6 Ba8 22. Bxe4 Bxe4 23. Nxe4 Bd4 24. Nc3 g6 25. Kg2 h5 26. Red1 Rd8 27. Nb5
Kg7 28. Rd3 a6 29. Nxd4 cxd4 30. b4 Rc8 31. Ra3 Ra8 32. Re1 a5 33. Kf3 Kf6 34.
Ke4 Rd8 35. bxa5 bxa5 36. Rxa5 Ng5+ 37. Kd3 Nf3 38. Rc1 Kg7 39. Rcc5 Nxh2 40.
Rd5 Rb8 41. Rxd4 Rb2 42. Rf4 f5 43. Kc3 Re2 44. Kd3 Rb2 45. Kc3 Re2 46. a4 Ng4
47. f3 Nf6 48. Rb5 Re3+ 49. Kb4 Rd3 50. Kc4 Ra3 51. a5 h4 52. Kb4 Rd3 53. Rb7+
Kg8 54. Rxh4 Rxf3 55. Rd4 1-0

[Event "4NCL/Div1/BARB-WG1"]
[Site "Rd9-Birmingham"]
[Date "2000.04.29"]
[Round "9.6"]
[White "Littlewood, Paul"]
[Black "Rogers, Jonathan"]
[Result "0-1"]
[WhiteElo "2411"]
[BlackElo "2340"]
[PlyCount "108"]
[EventDate "2000.04.29"]

1. d4 f5 2. Nc3 Nf6 3. Bg5 d5 4. Bxf6 exf6 5. e3 c6 6. Qf3 Be6 7. Bd3 Qd7 8.
Nge2 Na6 9. Nf4 Nb4 10. Nxe6 Nxd3+ 11. cxd3 Qxe6 12. O-O Bd6 13. Rab1 O-O 14.
Rfc1 Rae8 15. b4 a6 16. g3 Rf7 17. a4 f4 18. gxf4 Qf5 19. b5 Qxd3 20. Qd1 Qg6+
21. Kh1 cxb5 22. axb5 Ba3 23. Rc2 Rc8 24. bxa6 bxa6 25. Rb3 Bd6 26. f3 Rfc7 27.
Rg2 Qh5 28. Na2 a5 29. Rb1 a4 30. Rf2 Qf5 31. Rd2 a3 32. Rb6 Bf8 33. Rb5 Rc2
34. e4 Qh3 35. Rb1 Rxd2 36. Qxd2 Qxf3+ 37. Kg1 Qxe4 38. Rc1 Rxc1+ 39. Nxc1 Qb1
40. Kf2 Qb2 41. Ke3 Bb4 42. Qd1 Qc3+ 43. Ke2 a2 44. Nb3 Bd6 45. Kf2 Bxf4 46.
Qe2 h6 47. Qxa2 Qe3+ 48. Kf1 Qf3+ 49. Qf2 Qxf2+ 50. Kxf2 Bxh2 51. Nc5 Kf7 52.
Nd3 Bc7 53. Kf3 h5 54. Ke3 g5 0-1

[Event "4NCL/Div1/BARB-WG1"]
[Site "Rd9-Birmingham"]
[Date "2000.04.29"]
[Round "9.8"]
[White "Jackson, Sheila"]
[Black "Lauterbach, Ingrid"]
[Result "1/2-1/2"]
[WhiteElo "2186"]
[BlackElo "2182"]
[PlyCount "67"]
[EventDate "2000.04.29"]

1. e4 g6 2. d4 Bg7 3. Nc3 d6 4. Nf3 a6 5. a4 Bg4 6. Be2 Nc6 7. Be3 e5 8. dxe5
dxe5 9. Qxd8+ Rxd8 10. Nd5 Rd7 11. O-O-O Nf6 12. Nxf6+ Bxf6 13. Rxd7 Bxd7 14.
Rd1 Nd8 15. b3 Bc6 16. Nd2 Ne6 17. f3 b5 18. axb5 axb5 19. b4 Be7 20. c3 O-O
21. Nb3 Ra8 22. Kb2 Be8 23. g3 c6 24. f4 f6 25. Bg4 Bf7 26. Rd7 Kf8 27. Na5
exf4 28. gxf4 Nd8 29. Ra7 Rxa7 30. Bxa7 Be8 31. Bd4 Kf7 32. e5 {(=)} fxe5 33.
Bxe5 c5 34. bxc5 1/2-1/2

[Event "4NCL/Div1/GUI-ADs"]
[Site "Rd9-Birmingham"]
[Date "2000.04.29"]
[Round "9.1"]
[White "Plaskett, James"]
[Black "Chandler, Murray"]
[Result "1-0"]
[WhiteElo "2515"]
[BlackElo "2527"]
[PlyCount "89"]
[EventDate "2000.04.29"]

1. e4 c5 2. Nc3 e6 3. Nf3 a6 4. d4 cxd4 5. Nxd4 Qc7 6. Bd3 Nc6 7. Nxc6 dxc6 8.
O-O Nf6 9. f4 e5 10. f5 Bc5+ 11. Kh1 b5 12. a4 Bb7 13. Qe2 Qb6 14. Bd2 h5 15.
Nd1 Qc7 16. b4 Bd4 17. c3 Bb6 18. Nf2 Rd8 19. Bg5 Rd6 20. c4 bxc4 21. Bxc4 Bd4
22. Rac1 a5 23. bxa5 Qxa5 24. Rb1 Qa7 25. Bh4 Rd7 26. Nh3 Qxa4 27. Ng5 Qa8 28.
Nxf7 Rf8 29. Ng5 c5 30. Bb5 Bxe4 31. Bxd7+ Kxd7 32. Nxe4 Nxe4 33. Qc4 Kc7 34.
Qe6 Re8 35. Qf7+ Kc6 36. Be7 Qc8 37. Qxg7 Nf2+ 38. Rxf2 Bxf2 39. Qf6+ Kd5 40.
Qd6+ Ke4 41. f6 Qf5 42. Qc6+ Ke3 43. Bxc5+ Kd2 44. Rb2+ Kc3 45. Ba3+ 1-0

[Event "4NCL/Div1/GUI-ADs"]
[Site "Rd9-Birmingham"]
[Date "2000.04.29"]
[Round "9.2"]
[White "Bellin, Robert"]
[Black "King, Daniel"]
[Result "1/2-1/2"]
[WhiteElo "2351"]
[BlackElo "2514"]
[PlyCount "91"]
[EventDate "2000.04.29"]

1. e4 c5 2. Nf3 d6 3. Nc3 Nf6 4. d4 cxd4 5. Nxd4 a6 6. Bd3 g6 7. O-O Bg7 8. Bg5
Nc6 9. Nb3 h6 10. Be3 O-O 11. Nd5 e6 12. Bb6 Qd7 13. Nxf6+ Bxf6 14. c3 Ne5 15.
Bd4 Qe7 16. Be2 g5 17. Qd2 Bd7 18. Rfd1 Bc6 19. f3 Rfd8 20. Bb6 Rd7 21. Nd4 d5
22. Qe3 Bg7 23. a4 Rc8 24. b4 dxe4 25. fxe4 Bxe4 26. Qxe4 Rxc3 27. Nf3 Nxf3+
28. Bxf3 Rc6 29. Rxd7 Qxd7 30. Rd1 Rd6 31. Rxd6 Qxd6 32. Bc5 Qd2 33. Qe3 Qb2
34. a5 Qa1+ 35. Kf2 Qb2+ 36. Be2 Bc3 37. Qe4 Qa1 38. Bf3 Qb2+ 39. Qe2 Bd4+ 40.
Kg3 Qc1 41. Bxd4 Qf4+ 42. Kf2 Qxd4+ 43. Qe3 Qxb4 44. Qb6 Qd2+ 45. Kf1 Qc1+ 46.
Kf2 1/2-1/2

[Event "4NCL/Div1/GUI-ADs"]
[Site "Rd9-Birmingham"]
[Date "2000.04.29"]
[Round "9.3"]
[White "Rowson, Jonathan"]
[Black "Lyell, Mark"]
[Result "1-0"]
[WhiteElo "2499"]
[BlackElo "2222"]
[PlyCount "69"]
[EventDate "2000.04.29"]

1. e4 e5 2. Nf3 Nc6 3. Bb5 f5 4. Nc3 Nd4 5. Bc4 Nf6 6. O-O b5 7. Nxd4 bxc4 8.
Nxf5 d5 9. d4 cxd3 10. Qxd3 Bxf5 11. exf5 c6 12. Qg3 Qc7 13. Re1 O-O-O 14. Rb1
Bd6 15. b4 e4 16. Qh3 h5 17. Bg5 Bf4 18. Bxf4 Qxf4 19. Ne2 Qe5 20. c3 Ng4 21.
Nd4 Rd6 22. f3 Nf6 23. Qg3 Qxg3 24. hxg3 Kd7 25. Kf2 Rc8 26. Rb3 Ke7 27. Ra3
Rd7 28. Ra6 c5 29. Nc6+ Kf8 30. bxc5 Rdc7 31. Nd4 Rb7 32. c6 Rb2+ 33. Re2 Rxe2+
34. Kxe2 Re8 35. Ne6+ 1-0

[Event "4NCL/Div1/GUI-ADs"]
[Site "Rd9-Birmingham"]
[Date "2000.04.29"]
[Round "9.5"]
[White "Kinsman, Andrew"]
[Black "Friedgood, David"]
[Result "1-0"]
[WhiteElo "2399"]
[BlackElo "2244"]
[PlyCount "95"]
[EventDate "2000.04.29"]

1. d4 Nf6 2. c4 g6 3. Nc3 Bg7 4. e4 d6 5. Be2 O-O 6. Bg5 Nbd7 7. Qd2 e5 8. d5
Nc5 9. f3 h6 10. Be3 a5 11. g4 h5 12. h3 Nh7 13. Bd1 f5 14. gxf5 gxf5 15. Bc2
Qh4+ 16. Bf2 Qf4 17. Qxf4 exf4 18. O-O-O fxe4 19. Nxe4 Nxe4 20. Bxe4 Bf5 21.
Bxf5 Rxf5 22. Re1 Kf7 23. h4 b5 24. cxb5 Rxd5 25. a4 Bxb2+ 26. Kxb2 Rd2+ 27.
Kb1 Rxf2 28. Nh3 Rxf3 29. Ref1 Rxf1+ 30. Rxf1 Re8 31. Nxf4 Re4 32. Nd5+ Ke6 33.
Nxc7+ Ke5 34. Rf7 Rb4+ 35. Kc2 Nf6 36. Rxf6 Rc4+ 37. Kd3 Rxc7 38. Rh6 Rc1 39.
Rxh5+ Ke6 40. b6 d5 41. b7 Rb1 42. Rh7 Rb4 43. h5 Kf6 44. Rd7 Ke6 45. Rc7 Kd6
46. Rg7 Ke6 47. h6 Kf6 48. Rc7 1-0

[Event "4NCL/Div1/GUI-ADs"]
[Site "Rd9-Birmingham"]
[Date "2000.04.29"]
[Round "9.6"]
[White "Bellin, Jana"]
[Black "Webb, Richard"]
[Result "1/2-1/2"]
[WhiteElo "2169"]
[BlackElo "2351"]
[PlyCount "34"]
[EventDate "2000.04.29"]

1. d4 Nf6 2. Nf3 g6 3. Bf4 Bg7 4. c3 O-O 5. h3 d6 6. e3 Nbd7 7. Bc4 Qe8 8. Bh2
e5 9. O-O e4 10. Ne1 Qe7 11. Bb3 b6 12. c4 Bb7 13. Nc3 c6 14. Nc2 d5 15. cxd5
Nxd5 16. Nxd5 cxd5 17. Qe2 Rfc8 1/2-1/2

[Event "4NCL/Div1/GUI-ADs"]
[Site "Rd9-Birmingham"]
[Date "2000.04.29"]
[Round "9.7"]
[White "Povah, Nigel"]
[Black "Edwards, Ray"]
[Result "1-0"]
[WhiteElo "2360"]
[BlackElo "2064"]
[PlyCount "53"]
[EventDate "2000.04.29"]

1. d4 f5 2. Bg5 g6 3. Nc3 d5 4. h4 Bg7 5. Nh3 h6 6. Bf4 Be6 7. e3 Nf6 8. Be5 c6
9. Nf4 Bf7 10. g4 Nbd7 11. gxf5 gxf5 12. Rg1 Rg8 13. Be2 e6 14. Bd6 Nb6 15. Be5
Nbd7 16. Bd6 Nb6 17. Ba3 Qc7 18. Qd2 O-O-O 19. O-O-O e5 20. Ng6 Bxg6 21. Rxg6
e4 22. Rdg1 Qf7 23. h5 Nc4 24. Bxc4 dxc4 25. Na4 Nxh5 26. Qa5 Bf6 27. Qxf5+ 1-0

[Event "4NCL/Div1/GUI-ADs"]
[Site "Rd9-Birmingham"]
[Date "2000.04.29"]
[Round "9.8"]
[White "Wilman, Carey"]
[Black "Yurenok, Maria"]
[Result "0-1"]
[WhiteElo "2066"]
[BlackElo "1912"]
[PlyCount "82"]
[EventDate "2000.04.29"]

1. d4 d5 2. c4 c6 3. cxd5 cxd5 4. Nc3 Nf6 5. Qc2 Nc6 6. e3 e6 7. Nf3 Be7 8. a3
Bd7 9. Bd3 Rc8 10. O-O O-O 11. b4 a5 12. b5 Nb4 13. Qd2 Nxd3 14. Qxd3 Ne4 15.
Bb2 Nxc3 16. Bxc3 Bxb5 17. Qxb5 Rxc3 18. Qxb7 Bxa3 19. Ne5 Qc8 20. Qb5 Bb4 21.
Rxa5 Bxa5 22. Qxa5 Qc7 23. Qxc7 Rxc7 24. g3 Rfc8 25. Nd3 Rc2 26. Rd1 Ra8 27.
Nb4 Rb2 28. Nd3 Rba2 29. Kg2 Ra1 30. Rxa1 Rxa1 31. Kf3 f6 32. e4 Ra4 33. Ke3 e5
34. exd5 Rxd4 35. f4 Rxd5 36. fxe5 fxe5 37. Ke4 Rxd3 38. Kxd3 Kf7 39. Ke4 Ke6
40. g4 g5 41. Ke3 Kd5 0-1